| 000 | 00334nam a2200133Ia 4500 | ||
|---|---|---|---|
| 008 | 190216s9999||||xx |||||||||||||| ||und|| | ||
| 100 | _aKalman J Cohen And Richard M Cyert | ||
| 245 | 0 | _aTheory Of The Firm | |
| 250 | _a2nd Ed. | ||
| 260 |
_bPrentice Hall Of India Pvt Ltd _c1976 |
||
| 300 | _a524 | ||
| 650 | _aEconomics | ||
| 942 | _cBK | ||
| 999 |
_c9739 _d9739 |
||